Relativistic gravitation and gravitational radiation (Record no. 12225)
[ view plain ]
| 000 -LEADER | |
|---|---|
| fixed length control field | 00895nam a2200205Ia 4500 |
| 003 - CONTROL NUMBER IDENTIFIER | |
| control field | IN-BaIIA |
| 008 - FIXED-LENGTH DATA ELEMENTS--GENERAL INFORMATION | |
| fixed length control field | 211028s9999 xx 000 0 eng d |
| 020 ## - INTERNATIONAL STANDARD BOOK NUMBER | |
| International Standard Book Number | 0-521-59065-5 |
| 040 ## - CATALOGING SOURCE | |
| Transcribing agency | IIA Library |
| 080 ## - UNIVERSAL DECIMAL CLASSIFICATION NUMBER | |
| Universal Decimal Classification number | 524.834(082.1) |
| Item number | REL |
| 111 ## - MAIN ENTRY--MEETING NAME | |
| Meeting name or jurisdiction name as entry element | Les Houches School of Physics |
| Location of meeting | Haute Savoie |
| Date of meeting or treaty signing | 1995 Sept. 26 - Oct. 6 |
| 9 (RLIN) | 21366 |
| 245 #0 - TITLE STATEMENT | |
| Title | Relativistic gravitation and gravitational radiation |
| Remainder of title | proceedings of the Les Houches school of physics held in Les Houches, Haute Savoie, 26 September - 6 October 1995 |
| Statement of responsibility, etc. | edited by J. A. Marck and J. P. Lasota |
| 260 ## - PUBLICATION, DISTRIBUTION, ETC. | |
| Place of publication, distribution, etc. | Cambridge |
| Name of publisher, distributor, etc. | Cambridge University Press |
| Date of publication, distribution, etc. | 1997 |
| 300 ## - PHYSICAL DESCRIPTION | |
| Extent | xv, 475p. |
| 490 ## - SERIES STATEMENT | |
| Series statement | Cambridge contemporary astrophysics |
| 650 ## - SUBJECT ADDED ENTRY--TOPICAL TERM | |
| Topical term or geographic name entry element | Gravitation, Radiation, Relativistic gravity |
| 9 (RLIN) | 21367 |
| 700 ## - ADDED ENTRY--PERSONAL NAME | |
| Personal name | Lasota, J. P., ed. |
| 9 (RLIN) | 17267 |
| 700 ## - ADDED ENTRY--PERSONAL NAME | |
| Personal name | Marck, J. A., ed. |
| 9 (RLIN) | 21368 |
| 942 ## - ADDED ENTRY ELEMENTS (KOHA) | |
| Koha item type | Books |
| Withdrawn status | Lost status | Damaged status | Not for loan | Home library | Current library | Shelving location | Date acquired | Cost, normal purchase price | Total Checkouts | Full call number | Barcode | Date last seen | Cost, replacement price | Price effective from | Koha item type | Purchase Price |
|---|---|---|---|---|---|---|---|---|---|---|---|---|---|---|---|---|
| IIA Library-Bangalore | IIA Library-Bangalore | General Stacks | 12/09/1997 | 3045.00 | 524.834(082.1)/ REL | 13141 | 05/11/2021 | 3045.00 | 12/09/1997 | Books | Rs. 3045.00 |